| 000 | 00373cam a2200145ua 4500 | ||
|---|---|---|---|
| 003 | OSt | ||
| 008 | 240213b |||||||| |||| 00| 0 eng d | ||
| 041 | _aeng | ||
| 082 |
_a635 _bBRI/GA |
||
| 100 |
_aBridgewater, A.G . _96015 |
||
| 245 | _aGarden design and planning specialist / | ||
| 260 |
_aHolland : _bNewholland Publishers , _c2007. |
||
| 300 | _a80 ; . | ||
| 942 | _cBK | ||
| 999 |
_c13557 _d13557 |
||